[Event "DVM U16 2023"]
[Site "Magdeburg GER"]
[Date "2023.12.28"]
[Round "4"]
[White "Mohylnyi, Stepan"]
[Black "Bungarten, Jona"]
[Result "1/2-1/2"]
[Termination "normal"]
[Board "1.1"]
[WhiteElo "2180"]
[BlackElo "2085"]
[WhiteClock "00:58:02"]
[BlackClock "01:25:09"]
[WhiteTeam "SC Noris-Tarrasch Nürnberg 1873"]
[BlackTeam "SF Brackel 1930"]
[PlyCount "58"]
[WhiteFideId "34127836"]
[BlackFideId "16223608"]
[EventCountry "GER"]
[EventRounds "7"]
[EventType "team-swiss"]
[EventDate "2023.12.26"]

1. e4 {[%clk 01:30:58]} {[%emt 00:00:01]} e5 {[%clk 01:30:55]} {[%emt
00:00:05]} 2. Nf3 {[%clk 01:31:19]} {[%emt 00:00:10]} Nc6 {[%clk 01:31:18]}
{[%emt 00:00:06]} 3. Bb5 {[%clk 01:31:18]} {[%emt 00:00:31]} Nf6 {[%clk
01:31:14]} {[%emt 00:00:33]} 4. O-O {[%clk 01:31:39]} {[%emt 00:00:10]} Nxe4
{[%clk 01:31:39]} {[%emt 00:00:05]} 5. Re1 {[%clk 01:28:39]} {[%emt 00:03:30]}
Nd6 {[%clk 01:32:03]} {[%emt 00:00:06]} 6. Nxe5 {[%clk 01:28:52]} {[%emt
00:00:17]} Nxe5 {[%clk 01:32:26]} {[%emt 00:00:08]} 7. Rxe5+ {[%clk 01:29:19]}
{[%emt 00:00:03]} Be7 {[%clk 01:32:52]} {[%emt 00:00:03]} 8. Bf1 {[%clk
01:26:46]} {[%emt 00:03:03]} O-O {[%clk 01:33:06]} {[%emt 00:00:16]} 9. Nc3
{[%clk 01:26:42]} {[%emt 00:00:34]} Bf6 {[%clk 01:33:14]} {[%emt 00:00:22]} 10.
Re1 {[%clk 01:27:01]} {[%emt 00:00:12]} c6 {[%clk 01:31:42]} {[%emt 00:02:01]}
11. d4 {[%clk 01:22:50]} {[%emt 00:04:41]} Nf5 {[%clk 01:28:36]} {[%emt
00:03:36]} 12. Ne2 {[%clk 01:16:33]} {[%emt 00:06:47]} d5 {[%clk 01:28:22]}
{[%emt 00:00:44]} 13. c3 {[%clk 01:16:12]} {[%emt 00:00:51]} Re8 {[%clk
01:27:39]} {[%emt 00:01:13]} 14. Ng3 {[%clk 01:16:19]} {[%emt 00:00:23]} Rxe1
{[%clk 01:26:50]} {[%emt 00:01:20]} 15. Qxe1 {[%clk 01:16:44]} {[%emt
00:00:05]} Nxg3 {[%clk 01:27:16]} {[%emt 00:00:03]} 16. hxg3 {[%clk 01:17:08]}
{[%emt 00:00:06]} Bf5 {[%clk 01:27:39]} {[%emt 00:00:06]} 17. Bf4 {[%clk
01:17:30]} {[%emt 00:00:09]} Qd7 {[%clk 01:27:33]} {[%emt 00:00:35]} 18. Qd2
{[%clk 01:17:24]} {[%emt 00:00:36]} Re8 {[%clk 01:27:53]} {[%emt 00:00:10]} 19.
f3 {[%clk 01:15:40]} {[%emt 00:02:15]} h5 {[%clk 01:26:41]} {[%emt 00:01:43]}
20. Re1 {[%clk 01:12:01]} {[%emt 00:04:08]} Rxe1 {[%clk 01:26:42]} {[%emt
00:00:29]} 21. Qxe1 {[%clk 01:12:26]} {[%emt 00:00:05]} Qe6 {[%clk 01:26:51]}
{[%emt 00:00:21]} 22. Qd2 {[%clk 01:12:40]} {[%emt 00:00:17]} Bb1 {[%clk
01:26:34]} {[%emt 00:00:46]} 23. a3 {[%clk 01:11:59]} {[%emt 00:01:11]} Bg6
{[%clk 01:26:12]} {[%emt 00:00:51]} 24. Bd3 {[%clk 01:10:06]} {[%emt 00:02:24]}
Bxd3 {[%clk 01:26:17]} {[%emt 00:00:25]} 25. Qxd3 {[%clk 01:10:31]} {[%emt
00:00:05]} h4 {[%clk 01:24:43]} {[%emt 00:02:04]} 26. g4 {[%clk 01:10:23]}
{[%emt 00:00:39]} Qe1+ {[%clk 01:24:27]} {[%emt 00:00:45]} 27. Qf1 {[%clk
00:58:58]} {[%emt 00:11:55]} Qxf1+ {[%clk 01:24:34]} {[%emt 00:00:22]} 28. Kxf1
{[%clk 00:59:24]} {[%emt 00:00:05]} Kh7 {[%clk 01:24:54]} {[%emt 00:00:10]} 29.
g3 {[%clk 00:58:02]} {[%emt 00:01:52]} Kg6 {[%clk 01:25:09]} {[%emt 00:00:16]}
1/2-1/2

[Event "DVM U16 2023"]
[Site "Magdeburg GER"]
[Date "2023.12.28"]
[Round "4"]
[White "Prieb, Robert"]
[Black "Deschler, Arne"]
[Result "1/2-1/2"]
[Termination "normal"]
[Board "1.2"]
[WhiteTitle "CM"]
[WhiteElo "2055"]
[BlackElo "1953"]
[WhiteClock "00:42:39"]
[BlackClock "01:01:35"]
[WhiteTeam "SF Brackel 1930"]
[BlackTeam "SC Noris-Tarrasch Nürnberg 1873"]
[PlyCount "61"]
[WhiteFideId "16212002"]
[BlackFideId "16274415"]
[EventCountry "GER"]
[EventRounds "7"]
[EventType "team-swiss"]
[EventDate "2023.12.26"]

1. d4 {[%clk 01:30:57]} {[%emt 00:00:02]} Nf6 {[%clk 01:30:51]} {[%emt
00:00:10]} 2. c4 {[%clk 01:31:12]} {[%emt 00:00:15]} c6 {[%clk 01:31:15]}
{[%emt 00:00:06]} 3. Nf3 {[%clk 01:31:20]} {[%emt 00:00:21]} d5 {[%clk
01:31:44]} {[%emt 00:00:02]} 4. Nc3 {[%clk 01:31:27]} {[%emt 00:00:22]} g6
{[%clk 01:31:51]} {[%emt 00:00:24]} 5. e3 {[%clk 01:30:35]} {[%emt 00:01:21]}
Bg7 {[%clk 01:32:17]} {[%emt 00:00:05]} 6. cxd5 {[%clk 01:30:00]} {[%emt
00:01:05]} cxd5 {[%clk 01:32:36]} {[%emt 00:00:12]} 7. Bb5+ {[%clk 01:29:27]}
{[%emt 00:01:02]} Bd7 {[%clk 01:31:51]} {[%emt 00:01:15]} 8. Bd3 {[%clk
01:29:16]} {[%emt 00:00:40]} Bf5 {[%clk 01:26:24]} {[%emt 00:05:58]} 9. Qa4+
{[%clk 01:25:43]} {[%emt 00:04:02]} Nc6 {[%clk 01:12:51]} {[%emt 00:14:04]} 10.
Bxf5 {[%clk 01:22:41]} {[%emt 00:03:32]} gxf5 {[%clk 01:13:20]} {[%emt
00:00:02]} 11. Ne5 {[%clk 01:22:41]} {[%emt 00:00:29]} Qb6 {[%clk 01:10:51]}
{[%emt 00:02:58]} 12. Nxc6 {[%clk 01:19:58]} {[%emt 00:03:13]} Qxc6 {[%clk
01:10:34]} {[%emt 00:00:48]} 13. Qxc6+ {[%clk 01:18:33]} {[%emt 00:01:55]} bxc6
{[%clk 01:11:03]} {[%emt 00:00:01]} 14. Na4 {[%clk 01:17:48]} {[%emt 00:01:15]}
O-O {[%clk 01:09:52]} {[%emt 00:01:41]} 15. Bd2 {[%clk 01:15:54]} {[%emt
00:02:24]} Rfc8 {[%clk 01:10:01]} {[%emt 00:00:21]} 16. Bb4 {[%clk 01:13:37]}
{[%emt 00:02:46]} Bf8 {[%clk 01:10:05]} {[%emt 00:00:26]} 17. Rc1 {[%clk
01:10:18]} {[%emt 00:03:50]} Nd7 {[%clk 01:08:44]} {[%emt 00:01:51]} 18. Rc2
{[%clk 01:07:01]} {[%emt 00:03:46]} Rab8 {[%clk 01:08:26]} {[%emt 00:00:45]}
19. Ba3 {[%clk 01:00:16]} {[%emt 00:07:18]} e6 {[%clk 01:08:21]} {[%emt
00:00:36]} 20. Bxf8 {[%clk 00:59:24]} {[%emt 00:01:22]} Kxf8 {[%clk 01:08:43]}
{[%emt 00:00:08]} 21. Ke2 {[%clk 00:58:42]} {[%emt 00:01:11]} Ke7 {[%clk
01:08:39]} {[%emt 00:00:34]} 22. Rhc1 {[%clk 00:56:59]} {[%emt 00:02:12]} Kd6
{[%clk 01:08:07]} {[%emt 00:01:03]} 23. b3 {[%clk 00:54:28]} {[%emt 00:03:00]}
Rb5 {[%clk 01:07:22]} {[%emt 00:01:14]} 24. Nc5 {[%clk 00:49:26]} {[%emt
00:05:35]} Nxc5 {[%clk 01:06:13]} {[%emt 00:01:39]} 25. Rxc5 {[%clk 00:49:41]}
{[%emt 00:00:14]} Rxc5 {[%clk 01:06:35]} {[%emt 00:00:08]} 26. Rxc5 {[%clk
00:49:58]} {[%emt 00:00:13]} Rg8 {[%clk 01:06:02]} {[%emt 00:01:04]} 27. Ra5
{[%clk 00:47:40]} {[%emt 00:02:48]} Rxg2 {[%clk 01:04:10]} {[%emt 00:02:21]}
28. Rxa7 {[%clk 00:47:48]} {[%emt 00:00:23]} Rxh2 {[%clk 01:04:35]} {[%emt
00:00:05]} 29. Rxf7 {[%clk 00:47:53]} {[%emt 00:00:23]} c5 {[%clk 01:01:13]}
{[%emt 00:03:53]} 30. dxc5+ {[%clk 00:44:17]} {[%emt 00:04:06]} Kxc5 {[%clk
01:01:35]} {[%emt 00:00:09]} 31. b4+ {[%clk 00:42:39]} {[%emt 00:02:08]}
1/2-1/2

[Event "DVM U16 2023"]
[Site "Magdeburg GER"]
[Date "2023.12.28"]
[Round "4"]
[White "Danninger, Hugo Kian"]
[Black "Tomasjan, Samuel"]
[Result "1/2-1/2"]
[Termination "normal"]
[Board "1.3"]
[WhiteElo "1787"]
[BlackElo "1955"]
[WhiteClock "00:03:31"]
[BlackClock "00:15:33"]
[WhiteTeam "SC Noris-Tarrasch Nürnberg 1873"]
[BlackTeam "SF Brackel 1930"]
[PlyCount "78"]
[WhiteFideId "16271246"]
[BlackFideId "16235584"]
[EventCountry "GER"]
[EventRounds "7"]
[EventType "team-swiss"]
[EventDate "2023.12.26"]

1. e4 {[%clk 01:30:58]} {[%emt 00:00:02]} e6 {[%clk 01:29:31]} {[%emt
00:01:29]} 2. d4 {[%clk 01:31:07]} {[%emt 00:00:21]} d5 {[%clk 01:29:55]}
{[%emt 00:00:06]} 3. Nc3 {[%clk 01:30:55]} {[%emt 00:00:42]} dxe4 {[%clk
01:30:14]} {[%emt 00:00:11]} 4. Nxe4 {[%clk 01:30:56]} {[%emt 00:00:29]} Nd7
{[%clk 01:30:36]} {[%emt 00:00:07]} 5. Be3 {[%clk 01:30:48]} {[%emt 00:00:38]}
Ngf6 {[%clk 01:30:59]} {[%emt 00:00:08]} 6. Nxf6+ {[%clk 01:30:34]} {[%emt
00:00:44]} Nxf6 {[%clk 01:31:20]} {[%emt 00:00:08]} 7. Nf3 {[%clk 01:30:30]}
{[%emt 00:00:34]} Be7 {[%clk 01:31:23]} {[%emt 00:00:27]} 8. Bd3 {[%clk
01:30:25]} {[%emt 00:00:35]} O-O {[%clk 01:31:40]} {[%emt 00:00:13]} 9. O-O
{[%clk 01:30:12]} {[%emt 00:00:43]} b6 {[%clk 01:31:43]} {[%emt 00:00:27]} 10.
c3 {[%clk 01:24:01]} {[%emt 00:06:41]} Bb7 {[%clk 01:31:32]} {[%emt 00:00:42]}
11. Re1 {[%clk 01:21:10]} {[%emt 00:03:20]} Rc8 {[%clk 01:28:31]} {[%emt
00:03:31]} 12. b4 {[%clk 01:15:15]} {[%emt 00:06:25]} h6 {[%clk 01:14:49]}
{[%emt 00:14:12]} 13. b5 {[%clk 01:13:34]} {[%emt 00:02:12]} c5 {[%clk
01:10:15]} {[%emt 00:05:03]} 14. bxc6 {[%clk 01:11:43]} {[%emt 00:02:22]} Bxc6
{[%clk 01:08:47]} {[%emt 00:01:58]} 15. Ne5 {[%clk 01:01:21]} {[%emt 00:10:51]}
Bb7 {[%clk 01:07:27]} {[%emt 00:01:50]} 16. c4 {[%clk 01:01:28]} {[%emt
00:00:24]} Qc7 {[%clk 01:03:26]} {[%emt 00:04:31]} 17. Qe2 {[%clk 00:49:18]}
{[%emt 00:12:40]} Bd6 {[%clk 01:01:21]} {[%emt 00:02:34]} 18. Bf4 {[%clk
00:47:49]} {[%emt 00:01:59]} Qe7 {[%clk 00:58:58]} {[%emt 00:02:53]} 19. Qe3
{[%clk 00:44:05]} {[%emt 00:04:14]} Nd7 {[%clk 00:34:34]} {[%emt 00:24:54]} 20.
Qg3 {[%clk 00:33:38]} {[%emt 00:10:57]} Bxe5 {[%clk 00:26:25]} {[%emt
00:08:38]} 21. dxe5 {[%clk 00:32:59]} {[%emt 00:01:10]} f5 {[%clk 00:24:38]}
{[%emt 00:02:18]} 22. Bxh6 {[%clk 00:24:46]} {[%emt 00:08:42]} Nc5 {[%clk
00:24:30]} {[%emt 00:00:38]} 23. Bg5 {[%clk 00:22:21]} {[%emt 00:02:55]} Qf7
{[%clk 00:24:19]} {[%emt 00:00:41]} 24. Bc2 {[%clk 00:18:38]} {[%emt 00:04:13]}
Be4 {[%clk 00:22:38]} {[%emt 00:02:11]} 25. Rac1 {[%clk 00:17:37]} {[%emt
00:01:30]} b5 {[%clk 00:18:19]} {[%emt 00:04:50]} 26. Qa3 {[%clk 00:12:42]}
{[%emt 00:05:25]} bxc4 {[%clk 00:17:02]} {[%emt 00:01:47]} 27. Be3 {[%clk
00:10:27]} {[%emt 00:02:46]} Nd3 {[%clk 00:15:05]} {[%emt 00:02:27]} 28. Bxd3
{[%clk 00:10:45]} {[%emt 00:00:11]} Bxd3 {[%clk 00:15:22]} {[%emt 00:00:13]}
29. f3 {[%clk 00:08:36]} {[%emt 00:02:40]} Rfd8 {[%clk 00:14:53]} {[%emt
00:00:59]} 30. Qxa7 {[%clk 00:07:29]} {[%emt 00:01:37]} Qxa7 {[%clk 00:14:50]}
{[%emt 00:00:33]} 31. Bxa7 {[%clk 00:07:55]} {[%emt 00:00:04]} Ra8 {[%clk
00:15:14]} {[%emt 00:00:05]} 32. Be3 {[%clk 00:07:43]} {[%emt 00:00:41]} Rxa2
{[%clk 00:15:25]} {[%emt 00:00:20]} 33. Red1 {[%clk 00:07:56]} {[%emt
00:00:17]} Rb8 {[%clk 00:14:58]} {[%emt 00:00:57]} 34. Rd2 {[%clk 00:07:48]}
{[%emt 00:00:39]} Rbb2 {[%clk 00:14:59]} {[%emt 00:00:28]} 35. Rxb2 {[%clk
00:07:14]} {[%emt 00:01:05]} Rxb2 {[%clk 00:15:24]} {[%emt 00:00:05]} 36. f4
{[%clk 00:07:18]} {[%emt 00:00:25]} Be4 {[%clk 00:14:48]} {[%emt 00:01:06]} 37.
Bf2 {[%clk 00:04:04]} {[%emt 00:03:44]} c3 {[%clk 00:15:17]} 38. h3 {[%clk
00:04:12]} {[%emt 00:00:22]} c2 {[%clk 00:15:33]} {[%emt 00:00:15]} 39. Be3
{[%clk 00:03:31]} {[%emt 00:01:11]} Rb3 {[%emt 00:01:29]} 1/2-1/2

[Event "DVM U16 2023"]
[Site "Magdeburg GER"]
[Date "2023.12.28"]
[Round "4"]
[White "Kasapchuk, Oleksandr Jr."]
[Black "Ronsin, Corentin"]
[Result "0-1"]
[Termination "normal"]
[Board "1.4"]
[WhiteElo "1773"]
[BlackElo "1642"]
[WhiteClock "00:05:12"]
[BlackClock "00:45:49"]
[WhiteTeam "SF Brackel 1930"]
[BlackTeam "SC Noris-Tarrasch Nürnberg 1873"]
[PlyCount "82"]
[WhiteFideId "14197596"]
[BlackFideId "34641742"]
[EventCountry "GER"]
[EventRounds "7"]
[EventType "team-swiss"]
[EventDate "2023.12.26"]

1. e4 {[%clk 01:30:59]} {[%emt 00:00:01]} c5 {[%clk 01:30:54]} {[%emt
00:00:06]} 2. Nf3 {[%clk 01:31:18]} {[%emt 00:00:11]} e6 {[%clk 01:31:18]}
{[%emt 00:00:05]} 3. d4 {[%clk 01:31:45]} {[%emt 00:00:04]} cxd4 {[%clk
01:31:45]} {[%emt 00:00:03]} 4. Nxd4 {[%clk 01:32:11]} {[%emt 00:00:04]} Nf6
{[%clk 01:32:05]} {[%emt 00:00:10]} 5. Bd3 {[%clk 01:30:07]} {[%emt 00:02:34]}
Nc6 {[%clk 01:31:31]} {[%emt 00:01:04]} 6. Nxc6 {[%clk 01:29:43]} {[%emt
00:00:54]} bxc6 {[%clk 01:31:55]} {[%emt 00:00:06]} 7. c4 {[%clk 01:28:06]}
{[%emt 00:02:08]} d5 {[%clk 01:31:05]} {[%emt 00:01:19]} 8. Nc3 {[%clk
01:26:06]} {[%emt 00:02:30]} d4 {[%clk 01:24:33]} {[%emt 00:07:02]} 9. Ne2
{[%clk 01:26:15]} {[%emt 00:00:21]} e5 {[%clk 01:24:43]} {[%emt 00:00:20]} 10.
O-O {[%clk 01:14:42]} {[%emt 00:12:02]} c5 {[%clk 01:20:35]} {[%emt 00:04:39]}
11. f4 {[%clk 01:13:59]} {[%emt 00:01:13]} Bd6 {[%clk 01:20:52]} {[%emt
00:00:12]} 12. f5 {[%clk 01:09:02]} {[%emt 00:05:27]} Bb7 {[%clk 01:17:39]}
{[%emt 00:03:43]} 13. Ng3 {[%clk 01:08:50]} {[%emt 00:00:42]} Qc7 {[%clk
01:10:46]} {[%emt 00:07:24]} 14. Bg5 {[%clk 01:00:56]} {[%emt 00:08:23]} Be7
{[%clk 01:10:47]} {[%emt 00:00:30]} 15. Bxf6 {[%clk 00:59:51]} {[%emt
00:01:35]} Bxf6 {[%clk 01:11:08]} {[%emt 00:00:09]} 16. Qg4 {[%clk 00:58:56]}
{[%emt 00:01:25]} Qd6 {[%clk 01:10:01]} {[%emt 00:01:37]} 17. Nh5 {[%clk
00:56:50]} {[%emt 00:02:35]} Ke7 {[%clk 01:08:27]} {[%emt 00:02:05]} 18. h4
{[%clk 00:56:14]} {[%emt 00:01:05]} Rag8 {[%clk 01:05:26]} {[%emt 00:03:31]}
19. Rf2 {[%clk 00:50:34]} {[%emt 00:06:11]} Bc8 {[%clk 01:03:15]} {[%emt
00:02:41]} 20. a3 {[%clk 00:39:31]} {[%emt 00:11:33]} g6 {[%clk 00:57:10]}
{[%emt 00:06:35]} 21. Ng3 {[%clk 00:37:32]} {[%emt 00:02:28]} h5 {[%clk
00:57:32]} {[%emt 00:00:08]} 22. Qh3 {[%clk 00:36:56]} {[%emt 00:01:06]} g5
{[%clk 00:57:53]} {[%emt 00:00:09]} 23. hxg5 {[%clk 00:36:30]} {[%emt
00:00:57]} Rxg5 {[%clk 00:57:43]} {[%emt 00:00:39]} 24. b4 {[%clk 00:36:19]}
{[%emt 00:00:42]} h4 {[%clk 00:57:46]} {[%emt 00:00:26]} 25. Nf1 {[%emt
00:01:29]} Bb7 {[%clk 00:54:17]} {[%emt 00:03:57]} 26. Rb1 {[%clk 00:35:16]}
{[%emt 00:00:37]} Qc7 {[%clk 00:51:35]} {[%emt 00:03:11]} 27. b5 {[%clk
00:29:54]} {[%emt 00:05:52]} Rhg8 {[%clk 00:50:58]} {[%emt 00:01:07]} 28. b6
{[%clk 00:28:19]} {[%emt 00:02:06]} axb6 {[%clk 00:50:51]} {[%emt 00:00:36]}
29. Rfb2 {[%clk 00:20:34]} {[%emt 00:08:15]} Rg3 {[%clk 00:50:43]} {[%emt
00:00:37]} 30. Nxg3 {[%clk 00:20:51]} {[%emt 00:00:14]} Rxg3 {[%clk 00:51:07]}
{[%emt 00:00:06]} 31. Rxb6 {[%clk 00:19:41]} {[%emt 00:01:41]} Bc6 {[%clk
00:51:26]} {[%emt 00:00:10]} 32. Qh2 {[%clk 00:19:33]} {[%emt 00:00:38]} Rxd3
{[%clk 00:51:48]} {[%emt 00:00:07]} 33. a4 {[%clk 00:16:59]} {[%emt 00:03:06]}
Rd1+ {[%clk 00:51:58]} {[%emt 00:00:19]} 34. Rxd1 {[%clk 00:14:30]} {[%emt
00:02:59]} Qxb6 {[%clk 00:52:21]} {[%emt 00:00:07]} 35. g4 {[%clk 00:11:36]}
{[%emt 00:03:24]} hxg3 {[%clk 00:48:00]} {[%emt 00:04:50]} 36. Qe2 {[%clk
00:07:45]} {[%emt 00:04:22]} Bxa4 {[%clk 00:44:02]} {[%emt 00:04:28]} 37. Ra1
{[%clk 00:07:50]} {[%emt 00:00:24]} Qb3 {[%clk 00:44:28]} {[%emt 00:00:06]} 38.
Kg2 {[%clk 00:05:15]} {[%emt 00:03:04]} Qc2 {[%clk 00:44:49]} {[%emt 00:00:08]}
39. Ra2 {[%clk 00:04:36]} {[%emt 00:01:10]} Qxe2+ {[%clk 00:45:07]} {[%emt
00:00:12]} 40. Rxe2 {[%clk 00:05:04]} {[%emt 00:00:02]} d3 {[%clk 00:45:24]}
{[%emt 00:00:12]} 41. Rd2 {[%clk 00:05:12]} {[%emt 00:00:22]} Bc2 {[%clk
00:45:49]} {[%emt 00:00:06]} 0-1

[Event "DVM U16 2023"]
[Site "Magdeburg GER"]
[Date "2023.12.28"]
[Round "4"]
[White "Fuhrmann, Bahne"]
[Black "Herter, Arne"]
[Result "0-1"]
[Termination "normal"]
[Board "2.1"]
[WhiteElo "2032"]
[BlackElo "1992"]
[WhiteClock "00:42:21"]
[BlackClock "00:50:47"]
[WhiteTeam "Hamburger SK 1830"]
[BlackTeam "Schachzwerge Magdeburg"]
[PlyCount "46"]
[WhiteFideId "16244842"]
[BlackFideId "16255372"]
[EventCountry "GER"]
[EventRounds "7"]
[EventType "team-swiss"]
[EventDate "2023.12.26"]

1. d4 {[%clk 01:30:59]} {[%emt 00:00:01]} Nf6 {[%clk 01:30:55]} {[%emt
00:00:05]} 2. c4 {[%clk 01:31:26]} {[%emt 00:00:03]} g6 {[%clk 01:31:20]}
{[%emt 00:00:05]} 3. Nc3 {[%clk 01:31:53]} {[%emt 00:00:03]} Bg7 {[%clk
01:31:44]} {[%emt 00:00:06]} 4. Nf3 {[%clk 01:32:20]} {[%emt 00:00:03]} O-O
{[%clk 01:32:07]} {[%emt 00:00:07]} 5. Bg5 {[%clk 01:32:48]} {[%emt 00:00:02]}
c5 {[%clk 01:31:04]} {[%emt 00:01:33]} 6. d5 {[%clk 01:33:14]} {[%emt
00:00:04]} d6 {[%clk 01:31:18]} {[%emt 00:00:16]} 7. e3 {[%clk 01:33:41]}
{[%emt 00:00:03]} e6 {[%clk 01:28:32]} {[%emt 00:03:16]} 8. Bd3 {[%clk
01:33:26]} {[%emt 00:00:45]} exd5 {[%clk 01:27:55]} {[%emt 00:01:07]} 9. cxd5
{[%clk 01:33:46]} {[%emt 00:00:10]} a6 {[%clk 01:25:55]} {[%emt 00:02:29]} 10.
a4 {[%clk 01:34:00]} {[%emt 00:00:17]} Nbd7 {[%clk 01:24:58]} {[%emt 00:01:27]}
11. O-O {[%clk 01:29:55]} {[%emt 00:04:36]} Rb8 {[%clk 01:21:01]} {[%emt
00:04:25]} 12. Nd2 {[%clk 01:21:10]} {[%emt 00:09:16]} Qc7 {[%clk 01:17:45]}
{[%emt 00:03:45]} 13. f4 {[%clk 01:13:40]} {[%emt 00:08:01]} Re8 {[%clk
01:14:03]} {[%emt 00:04:11]} 14. e4 {[%clk 01:12:35]} {[%emt 00:01:36]} c4
{[%clk 01:07:05]} {[%emt 00:07:28]} 15. Bxc4 {[%clk 01:05:25]} {[%emt
00:07:40]} b5 {[%clk 01:06:15]} {[%emt 00:01:20]} 16. Bd3 {[%clk 01:02:36]}
{[%emt 00:03:19]} b4 {[%clk 01:04:02]} {[%emt 00:02:43]} 17. Ne2 {[%clk
01:02:35]} {[%emt 00:00:31]} Ng4 {[%clk 00:59:15]} {[%emt 00:05:17]} 18. Nc4
{[%clk 01:00:00]} {[%emt 00:03:04]} Nb6 {[%clk 00:56:36]} {[%emt 00:03:10]} 19.
Qb3 {[%clk 00:48:17]} {[%emt 00:12:14]} Nxc4 {[%clk 00:54:05]} {[%emt
00:03:00]} 20. Bxc4 {[%clk 00:48:40]} {[%emt 00:00:08]} Qc5+ {[%clk 00:53:24]}
{[%emt 00:01:10]} 21. Kh1 {[%clk 00:49:05]} {[%emt 00:00:04]} Nf2+ {[%clk
00:52:54]} {[%emt 00:01:00]} 22. Rxf2 {[%clk 00:49:33]} {[%emt 00:00:02]} Qxf2
{[%clk 00:53:17]} {[%emt 00:00:08]} 23. Nc3 {[%clk 00:42:21]} {[%emt 00:07:42]}
Bh3 {[%clk 00:50:47]} {[%emt 00:02:59]} 0-1

[Event "DVM U16 2023"]
[Site "Magdeburg GER"]
[Date "2023.12.28"]
[Round "4"]
[White "Udelnov, Valentin"]
[Black "Krüger, Arthur"]
[Result "1/2-1/2"]
[Termination "normal"]
[Board "2.2"]
[WhiteElo "2003"]
[BlackElo "1886"]
[WhiteTeam "Schachzwerge Magdeburg"]
[BlackTeam "Hamburger SK 1830"]
[PlyCount "94"]
[WhiteFideId "16265734"]
[BlackFideId "16244966"]
[EventCountry "GER"]
[EventRounds "7"]
[EventType "team-swiss"]
[EventDate "2023.12.26"]

1. e4 e6 2. d4 d5 3. Nd2 dxe4 4. Nxe4 Nd7 5. c4 Ngf6 6. Nc3 c5 7. Bf4 cxd4 8.
Qxd4 Bc5 9. Qd2 O-O 10. Nf3 e5 11. Bg5 e4 12. Nd4 h6 13. Bh4 Re8 14. O-O-O a6
15. Nf5 Qc7 16. Ne3 Bxe3 17. fxe3 b5 18. cxb5 axb5 19. Bxb5 Rxa2 20. Bxf6 gxf6
21. Kb1 Ra7 22. Nd5 Qe5 23. Rc1 Ba6 24. Bxa6 Rxa6 25. Nc7 Rd6 26. Qc3 Rc8 27.
Qxe5 Nxe5 28. Nb5 Rxc1+ 29. Rxc1 Rd2 30. Rc2 Rxc2 31. Kxc2 Nc4 32. Nc3 Nxe3+
33. Kd2 Nc4+ 34. Ke2 f5 35. b3 Nb6 36. Ke3 Kg7 37. Kf4 Kf6 38. g4 fxg4 39.
Nxe4+ Kg6 40. Ke5 h5 41. b4 h4 42. Kf4 f5 43. Nc3 Kf6 44. b5 Kg6 45. Ne2 Kf6
46. Nc3 Kg6 47. Ne2 Kf6 1/2-1/2